Espectroscopia Raman y estructura molecular /
Guardado en:
| Autor Principal: | |
|---|---|
| Formato: | Libro |
| Idioma: | Spanish |
| Publicado: |
[Chile] :
Unesco,
c1987.
|
| Series: | Proyecto PNUD Unesco Chi84/006 Monografía ;
Nº 2 |
| Materias: | |
| Etiquetas: |
Agregar Etiqueta
Sin Etiquetas, Sea el primero en etiquetar este registro!
|
| LEADER | 00759nam a22002055a 4500 | ||
|---|---|---|---|
| 001 | EIQ.libpla000839 | ||
| 008 | 060606s1987####cl#a#####b####001#0#spa#d | ||
| 005 | 20060606153313.0 | ||
| 245 | 1 | 0 | |a Espectroscopia Raman y estructura molecular / |c J. Guillermo Contreras K. |
| 260 | |a [Chile] : |b Unesco, |c c1987. | ||
| 300 | |a ix, 241 : |b il. ; |c 23 cm. | ||
| 490 | 0 | |a Proyecto PNUD Unesco Chi84/006 Monografía ; |v Nº 2 | |
| 504 | |a Incluye referencias bibliográficas e índice. | ||
| 100 | 1 | |a Contreras K, J. Guillermo. | |
| 650 | 4 | |a Espectroscopía de Raman |x Teoría. | |
| 650 | 4 | |a Moléculas |x Estructura. | |
| 650 | 4 | |a Raman spectroscopy |x Theory. | |
| 650 | 4 | |a Molecules |x Structure. | |
| 040 | |a AR-BbSID |b spa |c AR-BbSID | ||
| 859 | |a AR-BbSID |b BIB. PLAPIQUI |h 543.085 |i C 767 |p 3356 | ||
